BBC Radio 2 Breakfast Show Hosts - Statistics

General Stats
  • This quiz has been taken 56 times
  • The average score is 4 of 8
Answer Stats
Years Disc Jockey % Correct
2019-Present Zoe Ball
88%
2010-2018 Chris Evans
84%
1972-1984 Terry Wogan
84%
1993-2009 Terry Wogan
84%
1985-1986 Ken Bruce
45%
1986-1991 Derek Jameson
24%
1970-1972 John Dunn
8%
1992 Brian Hayes
2%
No matching quizzes found
Score Distribution
Percent of People with Each Score
Percentile by Number Answered
Your Score History
You have not taken this quiz